000 00403nam a2200157Ia 4500
008 151213s9999 xx 000 0 und d
100 _aRoss Westerfield / Jafe
245 _aCorporate Finance
_cRoss Westerfield / Jafe
250 _a7th
260 _aNew York
_bMc Grow Hill
_c2005
300 _a4248 p.
650 _aFinance
650 _aFinance
700 _aRoss Westerfield / Jafe
999 _c2672
_d2672